Prečo odchádzajú. Prečo sa tak veľa spoločností obracia chrbtom k postkomunistickým krajinám?

Nedostatok informácií, spôsob oceňovania, nestabilita trhu, konkurencia, politická neistota, nedostatočné výhody, byrokracia, personálne zmeny, opozícia miestna, zmeny v zákonoch, reštitúcia atď. príčinou vystupovania zahraničných spoločností z joint ventures v postkomunistických krajinách (z nového...

Ausführliche Beschreibung

Gespeichert in:
Bibliographische Detailangaben
1. Verfasser: Valencia, M.
Format: Buchkapitel
Sprache:Slowakisch
Schlagworte:
Tags: Tag hinzufügen
Keine Tags, Fügen Sie das erste Tag hinzu!

MARC

LEADER 00000naa a2200000 4500
001 r012667
005 20220826092833.5
041 0 |a slo 
044 |a SK 
245 1 0 |a Prečo odchádzajú.  |b Prečo sa tak veľa spoločností obracia chrbtom k postkomunistickým krajinám?  |c M. Valencia 
520 |a Nedostatok informácií, spôsob oceňovania, nestabilita trhu, konkurencia, politická neistota, nedostatočné výhody, byrokracia, personálne zmeny, opozícia miestna, zmeny v zákonoch, reštitúcia atď. príčinou vystupovania zahraničných spoločností z joint ventures v postkomunistických krajinách (z nového časopisu Business Central Europe spracoval M. Országh). 
610 2 0 |a joint ventures 
610 2 0 |a východná Európa 
610 2 0 |a stredná Európa 
610 2 0 |a podnik zmiešaný 
100 1 |a Valencia, M.